000 00783nam a2200193 a 4500
008 120416s1994 ||||||||||||||||| || u
020 _a9290811137
050 _aCTA(02)
100 _aFarrington, John
245 1 0 _aInformation exchange networking for agricultural development: a review of concepts and practices.
_cJohn Nelson and John Farrington
260 _aWageningen, Netherlands:
_bCTA
_c1994
300 _avii, 86p. : ill.
350 _a0.00
650 _aAGRICULTURE
650 0 _aAGRICULTURAL INFORMATION NETWORKS
700 _aNelson, John
710 _aTechnical Centre for Agricultural and Rural Cooperation (CTA)
995 _D0.00
_FCBU-MAIN LIBRARY (Kitwe)
_H1
_I0.00
_M1
_UAVAILABLE
_ZInternational Publications
999 _c46880
_d46880